00560nam a22001817a 450000100060000000300080000600500170001400800410003103500200007204000350009204100080012708200240013510000170015924501230017626000450029930000120034465000220035646016BD-RjUL20211209054110.0160730b1993 xxu||||| |||| 00| 0 eng d a(BD-RjUL) 46134 aBD-RjULbengcBD-RjULdBD-RjUL aeng 223a340.2bKHT 1993 aKhanna, S. L aA text book of comparative law : ba general and comparative study of common law and civil law systems /cKhanna, S. L aAllahabab : bGeneral law Agency, c1993 a219p, ; x Comparative law.